Colores de la vida : (Record no. 3138)

MARC details
000 -LEADER
fixed length control field 01782cam a22003134a 4500
005 - DATE AND TIME OF LATEST TRANSACTION
control field 20250814144150.0
020 ## - INTERNATIONAL STANDARD BOOK NUMBER
International Standard Book Number 9780545461351
040 ## - CATALOGING SOURCE
Original cataloging agency DLC
Transcribing agency DLC
Modifying agency DLC
Language of cataloging eng
050 00 - LIBRARY OF CONGRESS CALL NUMBER
Classification number NK845.O2
082 00 - DEWEY DECIMAL CLASSIFICATION NUMBER
Classification number 701.85097274
100 1# - MAIN ENTRY--PERSONAL NAME
Personal name Weill, Cynthia
245 10 - TITLE STATEMENT
Title Colores de la vida :
Remainder of title Mexican folk art colors in English and Spanish : folk art by artists from Oaxaca /
Statement of responsibility, etc. by Weill, Cynthia
246 30 - VARYING FORM OF TITLE
Title proper/short title Mexican folk art colors in English and Spanish
246 30 - VARYING FORM OF TITLE
Title proper/short title Folk art by artists from Oaxaca
250 ## - EDITION STATEMENT
Edition statement First Scholastic printing , September 2012
260 ## - PUBLICATION, DISTRIBUTION, ETC.
Place of publication, distribution, etc. New York :
Name of publisher, distributor, etc. Scholastic ,
Date of publication, distribution, etc. 2011
300 ## - PHYSICAL DESCRIPTION
Extent 26 unnumbered pages :
Other physical details color illustrations ;
Dimensions 20 cm.
490 0# - SERIES STATEMENT
Series statement First concepts in Mexican folk art series ;
Volume/sequential designation 3
505 ## - FORMATTED CONTENTS NOTE
Formatted contents note A <br/>
520 ## - SUMMARY, ETC.
Summary, etc. "Each page captures a sense of wonder, of the vibrancy of color, the imagination of the artist, the name of the hue. Colors take life in this small picture book, perfect for small hands, in an astonishing pairing of visual intimacy and artistic joy that make this one of the most distinctive recent books on color--in English or otherwise." --Papertigers.org This book truly did take a village of artists, scattered all around mountain villages in the beautiful state of Oaxaca. Fifteen in fact! Go to our website to see who carved what lovely animal. And, please, imagine the adventurous Cindy Weill traipsing from village to village in search of these wonderful artisans.
521 ## - TARGET AUDIENCE NOTE
Target audience note 20 <br/>
Source Lexile <br/>
521 ## - TARGET AUDIENCE NOTE
Target audience note A <br/>
Source Raz-Plus <br/>
650 #0 - SUBJECT ADDED ENTRY--TOPICAL TERM
Topical term or geographic name entry element Folk art
Geographic subdivision Mexico
-- Oaxaca (State)
Form subdivision Juvenile literature.
650 #0 - SUBJECT ADDED ENTRY--TOPICAL TERM
Topical term or geographic name entry element Color in art
Form subdivision Juvenile literature.
650 #0 - SUBJECT ADDED ENTRY--TOPICAL TERM
Topical term or geographic name entry element Colors, Words for
Form subdivision Juvenile literature.
906 ## - LOCAL DATA ELEMENT F, LDF (RLIN)
a 7
b cbc
c orignew
d 1
e ecip
f 20
g y-gencatlg
942 ## - ADDED ENTRY ELEMENTS (KOHA)
Source of classification or shelving scheme Dewey Decimal Classification
Koha item type Books
Suppress in OPAC No
999 ## -
-- 3138
-- 3138
Holdings
Withdrawn status Lost status Source of classification or shelving scheme Damaged status Not for loan Collection Home library Current library Shelving location Date acquired Total Checkouts Full call number Barcode Date last seen Price effective from Koha item type Copy number
    Dewey Decimal Classification     Non-Fiction Footprints International School Library Network Toul Tom Poung Campus Footprints International School Library Network Toul Tom Poung Campus TTP Primary Green Bookshelves 02/08/2024   WEI 701.85097274 NK845.O2 FISBK04050 02/08/2024 02/08/2024 Books  
    Dewey Decimal Classification     Non-Fiction Footprints International School Library Network Toul Tom Poung Campus Footprints International School Library Network Toul Tom Poung Campus TTP Primary Green Bookshelves 08/14/2025   WEI 701.85097274 NK845.O2 FISBK04034 08/14/2025 08/14/2025 Books 2